Albums de Rap FR - Statistiques

Statistiques générales
  • Ce quiz a été pris 86 fois
  • Le résultat moyen est 5 sur 9
Statistiques - réponses
Par images Réponse % Correct
Adios Bahamas
83%
Dans la légende
81%
Nero Nemesis
73%
Dans ma paranoïa
67%
Sincèrement
59%
24
54%
La vie est belle
27%
Sex in the city
26%
Mafana
15%
Aucun quiz correspondant
Distribution des résultats
% des personnes avec chaque résultat
Percentile par nombre de réponses
Votre historique - résultats
Vous n’avez pas pris ce quiz